| 000 | 00386 a2200145 4500 | ||
|---|---|---|---|
| 001 | 154935 | ||
| 040 | _cEscola São Tomás de Aquino | ||
| 100 | _aMENDONÇA, Cláudio | ||
| 240 | 1 | 0 |
_aTerritório e Sociedade no mundo globalizado _lpor |
| 245 | 1 | 0 | _aTerritório e Sociedade no mundo globalizado |
| 300 | _a624 | ||
| 362 | 0 | _a2010 | |
| 697 | _aGEOGRAFIA GERAL / VIAGENS | ||
| 942 | _cBK | ||
| 999 |
_c154935 _d154935 |
||